000 00569nam a2200193 i 4500
001 21008
003 ES-MaACL
007 t|
008 021120s1983 sp ||||1| spa d
100 1 _aAlario, Mercedes.
_919152
245 1 0 _aOrtigas /
_cMercedes Alario.
250 _a[1ª ed.].
260 _aMadrid :
_bTorremozas,
_c1983.
300 _a68 p. ;
_c17 cm.
490 1 _aColección de poesía de mujeres ;
_v6
830 0 0 _aColección Torremozas de poesía de mujeres
_v6
_9177494
852 _aES-MaACL
_jL-5412
_bR.105848
999 _c21008
_d21008